Applied Microbiology and Infection Control Practices for Nurses (Record no. 1769)
[ view plain ]
| 000 -LEADER | |
|---|---|
| Fixed length control field | 00632nam a22002177a 4500 |
| 003 - CONTROL NUMBER IDENTIFIER | |
| Control field | IIN |
| 005 - DATE AND TIME OF LATEST TRANSACTION | |
| Control field | 20250429121624.0 |
| 008 - FIXED-LENGTH DATA ELEMENTS--GENERAL INFORMATION | |
| Fixed length control field | 250429s |||ad||| |||| 001 0 eng d |
| 020 ## - INTERNATIONAL STANDARD BOOK NUMBER / ISBN | |
| International Standard Book Number | 9788131257845 |
| Price | Rs.735.00 |
| 040 ## - CATALOGING SOURCE | |
| Original cataloging agency | IIN |
| 082 ## - DEWEY DECIMAL CLASSIFICATION NUMBER | |
| Classification number | 616.9042 |
| Book Number | KAN |
| 100 ## - MAIN ENTRY--PERSONAL NAME | |
| Personal name | Kannan, I. |
| 245 ## - TITLE STATEMENT | |
| Title | Applied Microbiology and Infection Control Practices for Nurses |
| Sub title | Applicable to Semester III/ |
| Statement of responsibility | I. Kannan |
| 250 ## - EDITION STATEMENT | |
| Edition statement | 2nd ed. |
| 260 ## - IMPRINT | |
| Place of publication | New Delhi |
| Name of publisher | Elsevier |
| Date of publication | 2023 |
| 300 ## - PHYSICAL DESCRIPTION | |
| Page / Vol. No | xvi, 337 p. |
| Other physical details | col. ill. |
| 500 ## - GENERAL NOTE | |
| General note | Includes Index |
| 650 ## - SUBJECT ADDED ENTRY--TOPICAL TERM | |
| Topical term | Microbiology |
| Form subdivision | Infection Control |
| 650 ## - SUBJECT ADDED ENTRY--TOPICAL TERM | |
| Topical term | Microbiology |
| Form subdivision | Nursing |
| 942 ## - ADDED ENTRY ELEMENTS (KOHA) | |
| Koha item type | Books |
| Withdrawn status | Lost status | Source of classification | Damaged status | Not for loan | Collection code | Home library | Current library | Shelving location | Date acquired | Price | Total Checkouts | Call number | Accession number | Date last seen | Price effective from | Koha item type |
|---|---|---|---|---|---|---|---|---|---|---|---|---|---|---|---|---|
| Dewey Decimal Classification | Purches Book | IDEAL INSTITUTE OF NURSING | IDEAL INSTITUTE OF NURSING | General Stacks | 11/03/2025 | 735.00 | 616.9042 KAN | 1933 | 29/04/2025 | 29/04/2025 | Books |
